| 000 | 00800 a2200253 4500 | ||
|---|---|---|---|
| 005 | 20260415142549.0 | ||
| 008 | 260415b |||||||| |||| 00| 0 eng d | ||
| 020 | _a978-81-988857-1-5 | ||
| 037 | _cTB | ||
| 040 |
_aCRL _cCRL |
||
| 041 |
_2eng _aeng |
||
| 084 |
_aV2:1944Q7,(Y:45) R6 _qCRL |
||
| 100 |
_aDheman, Vijay Sagar _91113192 |
||
| 245 |
_aBloodlines Pahalgam: _ba democracy confronts terrorism |
||
| 260 |
_aNew Delhi, India: _bKW Publishers, _c2026. |
||
| 300 | _a268p. | ||
| 365 |
_b1380 _cINR |
||
| 650 | _aIndia-Foreign Relations | ||
| 650 | _aIndia-History | ||
| 650 |
_aPakistan-Foreign Relations _91234809 |
||
| 650 | _aTerrorism | ||
| 942 |
_cTB _2CC _hV2:1944Q7,(Y:45) R6 |
||
| 999 |
_c1678507 _d1678507 |
||